| 000 | 00655cam a2200145 4500500 | ||
|---|---|---|---|
| 005 | 20260201153510.0 | ||
| 041 | _afre | ||
| 042 | _adc | ||
| 100 | 1 | 0 |
_aRostkowski, Joëlle _eauthor |
| 245 | 0 | 0 | _aMikael Kurkiala, « Building the Nation Back up »., The Politics of Identity on the Pine Ridge Indian Reservation, Uppsala, Acta Universitatis Upsaliensis, 1997, 254 p., réf., fig., ph., (« Uppsala Studies in Cultural Anthropology » 22) |
| 260 | _c2001. | ||
| 500 | _a46 | ||
| 786 | 0 | _nL'Homme | 160 | 4 | 2001-10-01 | p. 193r-300r | 0439-4216 | |
| 856 | 4 | 1 | _uhttps://shs.cairn.info/revue-l-homme-2001-4-page-193r?lang=fr&redirect-ssocas=7080 |
| 999 |
_c1643139 _d1643139 |
||